LEADER 01338nam a2200277 a 4500 001 000000132950 003 CaOOAMICUS 005 20130221115413.0 008 130221s2012 it u000 u ita r 020 $a978-88-348-3749-8 040 $aPUL$bita 100 1 $aFabbri, Alberto.$0(OLS)http://pul/name/83803 245 10$aUnione Europea e fenomeno religioso :$balcune valutazioni di principio /$cAlberto Fabbri. 260 $aTorino :$bG. Giappichelli,$cİ2012. 300 $aXI, 204 p. ;$c23 cm 490 1 $aCollana di studi di diritto canonico ed ecclesiastico. Sezione ecclesiasticistica ;$v29 504 $aRiferimenti bibliografici in nota. 610 14$aUnione europea$xDiritti politici e civili.$0(OLS)http://pul/subject/38162 830 0$aCollana di studi di diritto canonico ed ecclesiastico.$pSezione ecclesiasticistica ;$v29.$0(OLS)http://pul/title/18702 850 $aPUL 852 $aPUL$W1$xSL Diritto Canonico 3$y77$m262. 99 CAN.7 1.2.29$j152881$qDDC 21$B152335$CPULBib$Z2$F152335 $H121757 $82 941 1 $a9 996 $6020$a978-88-348-3749-8$9(OLS)http://pul/number/151955 996 $6245$aUnione Europea e fenomeno religioso :$balcune valutazioni di principio$9(OLS)http://pul/title/167966 996 $6260$aTorino :$bG. Giappichelli$9(OLS)http://pul/publisher/49130 LEADER 00964nam a2200241 a 4500 001 000000149580 003 CaOOAMICUS 005 20160222113420.0 008 160222s1962 gw u000 u ger r 032 $aLibriCat 040 $aPUL$bita 100 1 $aBoros, Ladislaus,$d1927-$0(OLS)http://pul/name/15765 245 10$aMysterium mortis :$bder Mensch in der letzten Entscheidung /$cLadislaus Boros. 260 $aFreiburg i. B. :$bWalter-Verlag,$c1962. 300 $a207 p. ;$c21 cm. 504 $aBibliografia in nota. 650 4$aMorte (teologia).$0(OLS)http://pul/subject/4428 850 $aPUL 852 $aPUL$W1$xDP1 Fondo Bordoni$y120$m3 I 20$j167025$qFondi$B173863$CPULBib$Z2$F173863 $HBor1164 $81 941 1 $a1 996 $6245$aMysterium mortis :$bder Mensch in der letzten Entscheidung$9(OLS)http://pul/title/188585 996 $6260$aFreiburg i. B. :$bWalter-Verlag$9(OLS)http://pul/publisher/73481